000 00520nam a2200169Ia 4500
008 090201s9999 xx 000 0 und d
010 _aKPL-45517
040 _bमराठी
041 _aमराठी
082 _a10061
_b45517
100 _aमाया साठे
245 _aपाटलाचा वाडा
_cमाया साठे
260 _c2004
_bप्रिया प्रकाशन
300 _a178
_bमोठा
600 _aपाटलाचा वाडा
942 _cBOOK
999 _c210533
_d210533